|
|
|
|
| LEADER |
00000cam a2200000 7i4500 |
| 001 |
0000012822 |
| 005 |
20080103.0 |
| 008 |
080103 |
| 020 |
|
|
|a 9833376916
|
| 090 |
0 |
0 |
|a 359.009595
|b SAR
|
| 100 |
0 |
|
|a Sarina Ahmad
|
| 245 |
1 |
0 |
|a Kerjaya sebagai Tentera Laut Diraja Malaysia
|c Sarina Ahmad
|
| 260 |
|
|
|a Kuala Lumpur :
|b PTS Professional Publishing ,
|c 2006
|
| 440 |
|
|
|a Siri pendidikan kerjaya
|
| 650 |
|
0 |
|a Hospitality
|
| 650 |
|
0 |
|a Malaysia
|x Tentera Laut Diraja Malaysia
|
| 650 |
|
0 |
|a Navies
|z Malaysia
|
| 710 |
0 |
|
|a Title
|
| 999 |
|
|
|a 0000922003
|b Book
|c Adult Collection
|e Cawangan Bukit Gambir
|
| 999 |
|
|
|a 0000922004
|b Book
|c Adult Collection
|e Cawangan Bukit Gambir
|
| 999 |
|
|
|a 0000933371
|b Book
|c Adult Collection
|e Cawangan Tangkak
|
| 999 |
|
|
|a 0001010260
|b Book
|c Adult Collection
|e Perbadanan Perpustakaan Awam Johor
|
| 999 |
|
|
|a 0001010261
|b Book
|c Adult Collection
|e Perbadanan Perpustakaan Awam Johor
|
| 999 |
|
|
|a 0001010263
|b Book
|c Adult Collection
|e Perbadanan Perpustakaan Awam Johor
|
| 999 |
|
|
|a 0009222004
|b Book
|c Adult Collection
|e Cawangan Bukit Gambir
|